00575nam a2200157Ia 4500008004100000020001500041050002400056100003500080245011100115250001900226260003400245300001900279650004000298700003100338700004800369120626s9999 xx 000 0 und d a8474321379 aLB2369 bE2518 1998 aEco, Umberto d1932 - eautor  aCómo se hace una tesis c/ Umberto, Eco.: traductores: Lucia, Baranda y Alberto, Clavería Ibáñez  a22a. edición aBarcelona b: Gedisa c,1998  a267 páginas  0aTESIS Y DISERTACIONES ACADÉMICAS  aBaranda, Lucia etraductor aClavería Ibáñez, Alberto etraductor